LIBRARY & INFORMATION CENTRE, KCAET, TAVANUR

ONLINE PUBLIC ACCESS CATALOGUE (OPAC)

Experimental design / (Record no. 10490)

MARC details
000 -LEADER
fixed length control field 00524cam a2200193ua 4500
041 ## - LANGUAGE CODE
Language code of text/sound track or separate title eng
082 ## - DEWEY DECIMAL CLASSIFICATION NUMBER
Classification number 300.1
Item number BRO/EX
100 ## - MAIN ENTRY--AUTHOR NAME
Personal name Brown, Steven R .
245 ## - TITLE STATEMENT
Title Experimental design /
260 ## - PUBLICATION, DISTRIBUTION, ETC. (IMPRINT)
Place of publication New Delhi :
Name of publisher Sage Publications ,
Year of publication 1990.
300 ## - PHYSICAL DESCRIPTION
Number of Pages 86 ; .
490 0# - SERIES STATEMENT
Series statement Qualitative applications,
Volume number/sequential designation
500 ## - GENERAL NOTE
General note **Reference
700 1# - ADDED ENTRY--PERSONAL NAME
Personal name Melamed, Lawrence E .
942 ## - ADDED ENTRY ELEMENTS (KOHA)
Koha item type Books
Holdings
Withdrawn status Lost status Damaged status Home library Current library Date acquired Full call number Accession Number Koha item type
      KAUAET KAUAET 07/04/2012 300.1 20162 Reference
free website counter